000 00692nam a22002537a 4500
003 UA-OsUOA
001 107140
007 ta
008 20140710b un ||||| |||| 00| 0 ukr d
100 _aЛатиш Ю. В.
090 _a[94+323.6](477)"18"
_bЛ27
942 _cBK
040 _aUA-OsUOA
_bukr
_cUA-OsUOA
_dUA-OsUOA
245 _aДекабристи в Україні. Історіографічні студії
300 _a238 с.
955 _a2
041 _aukr
080 _a[94+323.6](477)"18"
020 _a978-966-171-800-4
591 _aЛатиш Ю.
260 _aК.
_bЛогос
_c2014
650 7 _a32 Політика
_2UDC
999 _c392854
_d392854